000 00319nam a2200145Ia 4500
008 230711s9999||||xx |||||||||||||| ||und||
041 _aENG
082 _a510
_bHA-L
100 _aHadley,G
245 0 _aLinear algebra
250 _a1st
260 _c1976
_aNew Delhi
_bChander,M.
650 _aMathematics
942 _cBK
999 _c2544
_d2544